000 01255nam a22002897i 4500
999 _c22724
_d22724
003 AR-CdUCM
008 231018b20142014pe ad||| |||| 00| 0 spa d
040 _aMUNICIPALIDAD PROVINCIAL DEL CUSCO
_cBIBLIOTECA MUNICIPAL DEL CUSCO
041 _hspa
082 _a372.6 / V669
_bV669
100 _aVillavicencio Condori, Lisbeth
_948965
245 _aMétodos Activos para el Aprendizaje /
260 _aCombapata-Cusco :
_c2014.
300 _a72 páginas. :
_c20 cm.
500 _zBibliografía: páginas 73-74
505 _aEl conocimiento no se descubre se construye -- Aprendizaje de la lectoescritura -- El método activo -- La lectura y escritura -- Estrategias metodológicas activas -- Propuestas de autoaprendizaje -- Predisposición para el aprendizaje de la lectura y escritura
650 _aEl conocimiento no se descubre se construye,
_949242
650 _a Aprendizaje de la lectoescritura,
_949243
650 _a Predisposición para el aprendizaje de la lectura y escritura,
_949164
650 _a Autoaprendizaje,
_949165
650 _aMetodológicas activas,
_949166
650 _aEscritura,
_94757
650 _a El método activo,
_949167
650 _aLectura,
_92069
942 _2ddc
_cLIBROS
945 _apebm
_d2023-10-18